Campeões da Copa Libertadores da América - Statistics

Estatísticas Gerais
  • Esse quiz foi jogado 178 vezes
  • A pontuação média é 37 de 57
Estatísticas das Respostas
Ano Campeão % Correto
1960 Peñarol
94%
1962 Santos
90%
1963 Santos
88%
1961 Peñarol
87%
2005 São Paulo
79%
2012 Corinthians
78%
2006 Internacional
78%
2011 Santos
78%
1999 Palmeiras
76%
2013 Atlético Mineiro
75%
2000 Boca Juniors
74%
1981 Flamengo
74%
1964 Independiente
74%
2010 Internacional
74%
2007 Boca Juniors
73%
2016 Atlético Nacional
72%
2014 San Lorenzo
72%
2001 Boca Juniors
71%
1997 Cruzeiro
71%
1983 Grêmio
71%
1965 Independiente
71%
2015 River Plate
71%
1992 São Paulo
71%
1993 São Paulo
71%
1998 Vasco da Gama
71%
2008 LDU Quito
70%
2003 Boca Juniors
69%
2009 Estudiantes
69%
1974 Independiente
66%
2002 Olimpia
66%
2004 Once Caldas
65%
1966 Peñarol
65%
1995 Grêmio
64%
1975 Independiente
64%
1976 Cruzeiro
63%
1972 Independiente
63%
1973 Independiente
63%
1996 River Plate
61%
1994 Vélez Sársfield
61%
1967 Racing Club
60%
1968 Estudiantes
58%
1970 Estudiantes
56%
1977 Boca Juniors
55%
1991 Colo-Colo
55%
1969 Estudiantes
53%
1986 River Plate
53%
1978 Boca Juniors
51%
1984 Independiente
51%
1971 Nacional
51%
1989 Atlético Nacional
50%
1980 Nacional
50%
1990 Olimpia
50%
1985 Argentinos Juniors
48%
1982 Peñarol
48%
1988 Nacional
47%
1987 Peñarol
46%
1979 Olimpia
45%
Nenhum quiz correspondente encontrado
Distribuição das Pontuações
Porcentagem de Pessoas com Cada Pontuação
Percentil de Números Respondidos
Sua Pontuação Histórica
Você não jogou esse quiz